Callister,s material science and engineering / (Record no. 13182)
[ view plain ]
| 000 -LEADER | |
|---|---|
| fixed length control field | 00395cam a2200145ua 4500 |
| 041 ## - LANGUAGE CODE | |
| Language code of text/sound track or separate title | eng |
| 082 ## - DEWEY DECIMAL CLASSIFICATION NUMBER | |
| Classification number | 620.11 |
| Item number | CAL/CA |
| 100 ## - MAIN ENTRY--AUTHOR NAME | |
| Personal name | Callister, William D. |
| 245 ## - TITLE STATEMENT | |
| Title | Callister,s material science and engineering / |
| 260 ## - PUBLICATION, DISTRIBUTION, ETC. (IMPRINT) | |
| Place of publication | New Delhi : |
| Name of publisher | Wiley Eastern Ltd , |
| Year of publication | 2007. |
| 300 ## - PHYSICAL DESCRIPTION | |
| Number of Pages | ; . |
| 942 ## - ADDED ENTRY ELEMENTS (KOHA) | |
| Koha item type | Books |
| Withdrawn status | Lost status | Damaged status | Home library | Current library | Date acquired | Full call number | Accession Number | Koha item type | Shelving location | Source of acquisition | Cost, normal purchase price |
|---|---|---|---|---|---|---|---|---|---|---|---|
| KAUAET | KAUAET | 07/04/2012 | 620.11 | 21411 | Books | ||||||
| KAUAET | KAUAET | 11/07/2022 | 620.11 CAL/CA | BB 645 | Book Bank scheme for SC students | Scheme | TBS PUBLISHERS AND DISTRIBUTERS | 999.00 |
